000 00799nam a2200217Ia 4500
003 IN-BaIIA
008 211028s9999 xx 000 0 eng d
020 _a90-277-02667
040 _cIIA Library
080 _a082.2:52
_bIAU-56
100 _aAthay, Grant R
_97908
111 _n56th
_cOld Australia
_d1973 Sep. 3-7
_914404
245 0 _aChromospheric Fine Structure
_bproceedings of the Symposium no.56 on chromospheric fine structure, held in Suffers Parachiee, Old Australia 3-7 Sept.ember 1973
_cGrant R Athay
260 _aDordrecht
_bD. Reidel Publishing
_c1974
300 _axvii, 307p.
650 _aAstronomy and Astrophysics Thesaurus
650 _aSolar Chromosphere
_93973
650 _aSolar Physics
650 _aSun
_91200
942 _cBK
999 _c8587
_d8587